| 000 | 00967cam a2200289 a 4500 | ||
|---|---|---|---|
| 001 | 104 | ||
| 003 | BR-CuiBMT | ||
| 005 | 20231110205533.0 | ||
| 008 | 230815s2021 mgba | 000 0 por d | ||
| 020 | _a9786555182781 | ||
| 040 |
_aBR-CuiBMT _cBR-CuiBMT |
||
| 080 |
_22007 _a351.712.2 _x-048.47 |
||
| 090 |
_a351.712.2-048.47 _bC355c _c2. ed. |
||
| 100 | 1 | _aCastro, Rodrigo Pironti Aguirre de | |
| 245 | 1 | 0 |
_aCompliance nas contratações públicas : _bexigências e critérios normativos / _cRodrigo Pironti, Mirela Miró Zillioto. |
| 250 | _a2. ed., rev., ampl. e atual. | ||
| 260 |
_aBelo Horizonte : _bFórum, _cc2021. |
||
| 300 |
_a364 p. : _bil. ; _c22 cm |
||
| 504 | _aInclui bibliografia. | ||
| 590 | _8A biblioteca possui a 1. reimpr. 2022. | ||
| 650 | _aDireito administrativo | ||
| 650 | _aContratações públicas | ||
| 650 |
_aLicitações _xAdministração pública |
||
| 650 | _aCompliance | ||
| 700 | 1 | _aZiliotto, Mirela Miró | |
| 942 |
_2udc _cLV |
||
| 999 |
_c104 _d104 |
||